000 00296nam a2200121Ia 4500
008 240731s9999 xx 000 0 und d
022 _a1746-4102
245 0 _aCommunication Quarterly
260 _bRoutledge
856 _uhttps://www.tandfonline.com/loi/rcqu20
942 _2ddc
942 _cTFEJ
999 _c75980
_d75980
945 _a1
_bMadushi Gamage
_c1
_dMadushi Gamage